Механика и микрофизика истирания поверхностей

Manylion Llyfryddiaeth
Prif Awdur: Цеснек Л .С. Леонид Сергеевич
Iaith:Rwseg
Cyhoeddwyd: Москва, Машиностроение, 1979
Pynciau:
Fformat: Llyfr
KOHA link:https://koha.lib.tpu.ru/cgi-bin/koha/opac-detail.pl?biblionumber=72996

MARC

LEADER 00000nam0a2200000 4500
001 72996
005 20231031084031.0
035 |a (RuTPU)RU\TPU\book\77833 
090 |a 72996 
100 |a 20050207d1979 k y0rusy50 ca 
101 0 |a rus 
102 |a RU 
105 |a a z 001zy 
200 1 |a Механика и микрофизика истирания поверхностей  |f Л .С. Цеснек 
210 |a Москва  |c Машиностроение  |d 1979 
215 |a 263 с.  |c ил. 
320 |a Библиогр.: с. 255-260. 
610 1 |a трение 
610 1 |a износ 
610 1 |a механика 
610 1 |a поверхности 
610 1 |a твердые тела 
675 |a 539.3  |v 3 
700 1 |a Цеснек  |b Л .С.  |g Леонид Сергеевич 
801 1 |a RU  |b 63413507  |c 20050207  |g PSBO 
801 2 |a RU  |b 63413507  |c 20150313  |g PSBO 
942 |c BK